000 01209cam a2200277a 44500
999 _c81418
_d318695
003 OSt
005 20220811131202.0
008 030308s2005ً ua 0000g ra d ara
020 _a9773530302
040 _amb
_bara
_cmb
041 _aعربي
072 0 _a083
_xالتراجم.
082 0 4 _221
_a924.1
_bس ع ب
100 1 _aالجلال السيوطي، عبد الرحمن بن أبي بكر بن محمد.
_d849-911 هـ.
_997018
245 1 0 _aبغية الوعاة في طبقات اللغويين والنحاة /
_cلجلال الدين عبد الرحمن السيوطي ؛ تحقيق محمد أبو الفضل إبراهيم.
246 3 0 _aطبقات اللغويين والنحاة.
250 _aط. 1.
260 _aالقاهرة :
_bمكتبة الخانجي بالقاهرة،
_c2005
_m1426
300 _a2 مج. ؛
_c24 سم.
504 _aيشتمل على قائمة ببليوجرافية.
650 _aاللغويون العرب.
_vتراجم.
_932
650 _aاللغة العربية.
_xنحو.
_vتراجم.
_933
650 _aاللغة العربية.
_vتراجم.
_997019
700 _aإبراهيم، محمد أبو الفضل.
_eمحقق.
_997013
942 _2ddc
_cBOOK